000 00373pab a2200145 454500
008 180718b2005 xxu||||| |||| 00| 0 eng d
100 _aMarshak, Robert J.
245 _aTransforming thoughts about change
260 _c2005
300 _ap.157-60
362 _aJun
650 _aOrganizational change
773 _aJournal of Applied Behavioral Science
909 _a65256
999 _c65256
_d65256